Score 0/18 Timer 02:00
0 Plays Today
Clue 4-Letter Word % Correct
Saved by the ____BELL
98.5%
____ American StyleLOVE
98.4%
I ____ LucyLOVE
98.4%
One Life to ____LIVE
97.1%
Pants holder-upperBELT
96.3%
The ____ RangerLONE
95.8%
Wild Wild ____WEST
95.5%
____ in SpaceLOST
95.2%
Dragon ___ ZBALL
94.4%
Clue 4-Letter Word % Correct
Relative of the rabbitHARE
93.2%
Party of ____FIVE
92.4%
Fail to come in firstLOSE
91.6%
Grace Under ____FIRE
91.4%
Large bundle for storage of hayBALE
90.9%
Ridge on the body produced by a hard blowWELT
89.8%
Spenser: For ____HIRE
88.6%
For fear thatLEST
86.6%
Alan of 'Gilligan's Island'HALE
86.4%

Today's Daily Dose

Remove Ads.
Support Sporcle.
Get the best of Sporcle when you Go Orange. This ad-free experience offers more features, more stats, and more fun while also helping to support Sporcle. Thank you for becoming a member.

You're not logged in!

Compare scores with friends on all Sporcle quizzes.
OR
Log In

Show Comments

Extras

Top Quizzes Today


Score Distribution

Your Account Isn't Verified!

In order to create a playlist on Sporcle, you need to verify the email address you used during registration. Go to your Sporcle Settings to finish the process.

Report this User

Report this user for behavior that violates our Community Guidelines.

Details: